000 01099nam a2200301 i 4500
003 EG-GICUC
005 20260401115447.0
008 260401s1965 ne ||||fr|||| 000 0 eng d
040 _aEG-GiCUC
_beng
_cEG-GiCUC
_dEG-GiCUC
_eRda
041 _aeng
082 0 4 _221
_a341.48
_bDR . H
092 0 4 _221
099 _aLaw1 11 341.48 DR . H 1965
100 1 _adrost, Pieter N
_eAuthor.
245 1 3 _aHuman Rights As Legal Rights :
_bThe Realization Of Individual Human Rights In Positive International Law General Discussions And Tentative Suggestions On An International System Of Human Rights /
_cBy Pieter N.drost.
250 _aSecond Printing
264 1 _aleyden ;
_bA. W. Sijthoff,
_c1965.
300 _a272 pages ;
_c24 cm.
336 _2rda contenu
_a texte
337 _2rda medias
_aOrdinateur
338 _2 transporteur rda
_a Ressource en ligne
504 _aIncludes bibliographical references.
546 _aText in English
650 1 4 _aPublic international law
856 4 0 _uhttps://fll.law.cu.edu.eg/fulltext/bks/ B11-08941.pdf
905 _a48
942 _2ddc
_cBK
_e21
_n0
999 _c68082
_d68082